Yüzbaşının kızı/ (Record no. 13842)
[ view plain ]
| 000 -BAŞLIK | |
|---|---|
| Sabit Uzunlukta Kontrol Alanı | 00629nam a22002057a 4500 |
| 999 ## - SİSTEM KONTROL NUMARALARI (KOHA) | |
| Koha Biblionumber | 13842 |
| Koha Biblioitemnumber | 13842 |
| 003 - KONTROL NUMARASI IDENTIFIER | |
| Denetim Alanı | MIRAKIL |
| 005 - SON İŞLEM TARİHİ VE ZAMANI | |
| Denetim Alanı | 20200611125328.0 |
| 008 - SABİT-BOY VERİ ELEMANLARI - GENEL BİLGİLER | |
| Sabit Uzunlukta Kontrol Alanı | 200611b tu ||||| |||| 00| 0 tur d |
| 040 ## - KATALOGLAMA KAYNAK | |
| Orijinal Kataloglama Ajansı | TR-AnCHP |
| Metne Dönüştürmek Ajansı | TR-AnCHP |
| 041 ## - DİL KODU | |
| Metin / Ses Parça Veya Ayrı Başlığın Dil Kodu | tur |
| 082 ## - DEWEY ONLU SINIFLANDIRMA NUMARASI | |
| Sınıflandırma Numarası | 891.73 |
| Ürün Numarası | P87y 1998 |
| 100 ## - ANA GİRİŞ - KİŞİSEL İSİM | |
| Kişisel Ad | Puşkin, Aleksandr |
| 245 10 - BAŞLIK TABLOSU | |
| Başlık | Yüzbaşının kızı/ |
| Sorumluluk Tablosu, Vb | Aleksandr Puşkin; Ataol Behramoğlu. |
| 260 ## - YAYIN, DAĞITIM, VB | |
| Yayın, Dağıtım, Vb Yeri | [İstanbul]: |
| Yayıncı, Dağıtıcı, Vs Adı | Cumhuriyet, |
| Yayın, Dağıtım, Vb Tarihi | 1998. |
| Üretici Firma | Çağdaş matbaacılık. |
| 300 ## - FİZİKSEL TANIM | |
| Kapsam | 159 s.: |
| Boyutlar | 18 sm. |
| 490 0# - SERİSİ TABLOSU | |
| Seri Beyanı | Dünya klasikleri Dizisi; |
| Hacim / Ardışık Tanımı | 8. |
| 650 #0 - KONU KATMA GİRİŞ - TOPİKAL DÖNEM | |
| 9 (RLIN) | 5112 |
| Topikal Süreli Veya Coğrafi Ad Giriş Elemanı | Rus Edebiyatı |
| Genel Alt Bölümü | Roman |
| 700 1# - KATMA GİRİŞ - KİŞİSEL İSİM | |
| 9 (RLIN) | 3512 |
| Kişisel Ad | Behramoğlu, Ataol |
| Relator Terim | çev. |
| 942 ## - EKLENDİ GİRİŞ ELEMANLARI (KOHA) | |
| Sınıflandırma Veya Raf Düzeni Kaynak | Dewey Decimal Classification |
| Koha Öğesi Türü | Books |
| Kalıcı Konum | Mevcut Konum | Edinme Tarihi | Toplam Check-Out'Lar | Tam Çağrı Numarası | Barkod | Tarih Son Görülme | İtibaren Geçerli Fiyatlar | Koha Öğesi Türü |
|---|---|---|---|---|---|---|---|---|
| CHP Kütüphanesi | CHP Kütüphanesi | 06/11/2020 | 891.73 P87y 1998 | 013575 | 06/11/2020 | 06/11/2020 | Books |
